Zwycięzcy Konkursu Chopinowskiego - Statystyki

Ogólne statystyki
  • Ten quiz został rozwiązany 55 razy
  • Średni wynik to 6 z 16
Statystyki odpowiedzi
Edycja Rok Narodowość Zwycięzcy Laureat I miejsca % Poprawnych
XV 2005 Polska Rafał Blechacz
88%
IX 1975 Polska Krystian Zimerman
70%
VII 1965 Argentyna Martha Argerich
51%
XVII 2015 Korea Południowa Cho Seong-jin
49%
IV 1949 Polska Halina Czerny-Stefańska
40%
XVI 2010 Rosja Julianna Awdiejewa
33%
I 1927 ZSRR Lew Oborin
33%
VI 1960 Włochy Maurizio Pollini
33%
V 1955 Polska Adam Harasiewicz
30%
VIII 1970 Stany Zjednoczone Garrick Ohlsson
28%
X 1980 Wietnam Đặng Thái Sơn
26%
ZSRR Bella Dawidowicz
19%
XIV 2000 Chiny Li Yundi
19%
XI 1985 ZSRR Stanisław Bunin
19%
II 1932 ZSRR Alexander Uninsky
12%
III 1937 ZSRR Jakow Zak
12%
Nie znaleziono quizów pasujących do podanych kryteriów
Rozkład punktacji
Procent ludzi z każdym wynikiem
Percentyl według liczby udzielonych odpowiedzi
Twoja historia wyników
Nie rozwiązałeś tego quizu